Enterprise management module 2
Gespeichert in:
| 1. Verfasser: | |
|---|---|
| Körperschaften: | , |
| Weitere Verfasser: | , , |
| Format: | Buch |
| Sprache: | Englisch |
| Veröffentlicht: |
Bratislava
Vydavateľstvo EKONÓM
2004
|
| Schlagworte: | |
| Tags: |
Keine Tags, Fügen Sie das erste Tag hinzu!
|
MARC
| LEADER | 00000nam$a2200000$$$4500 | ||
|---|---|---|---|
| 001 | 0035722 | ||
| 005 | 20240502071448.8 | ||
| 020 | |a 80-225-1896-4 | ||
| 041 | 0 | |a eng | |
| 044 | |a SK | ||
| 245 | 1 | 0 | |a Enterprise management |b module 2 |
| 264 | 1 | |a Bratislava |b Vydavateľstvo EKONÓM |c 2004 | |
| 300 | |a 92 s. | ||
| 610 | 2 | 0 | |a riadenie podnikové |
| 610 | 2 | 0 | |a zdroje ľudské |
| 610 | 2 | 0 | |a riadenie |
| 610 | 2 | 0 | |a zamestnanci |
| 610 | 2 | 0 | |a miesta pracovné |
| 610 | 2 | 0 | |a hodnotenie pracovníkov |
| 610 | 2 | 0 | |a výkony pracovné |
| 610 | 2 | 0 | |a riadenie projektové |
| 610 | 2 | 0 | |a risk management |
| 610 | 2 | 0 | |a manažment krízový |
| 610 | 2 | 0 | |a projekty medzinárodné |
| 100 | 1 | |a Wilhalm, Ivo | |
| 700 | 1 | |a Marsina, Štefan | |
| 700 | 1 | |a Szabo, Ľuboslav | |
| 700 | 1 | |a Majtán, Miroslav | |
| 710 | 2 | |a Leonardo da Vinci | |
| 710 | 2 | |a Ekonomická univerzita v Bratislave | |